000 01305cam a2200373 a 4500
999 _c522547
_d522547
001 3550309
003 NUST
005 20181031044451.0
008 970321s1997 nyu 001 0 eng d
010 _a 97143886
020 _a0517707918 :
_c$23.00 ($30.00 Can.)
024 1 0 _a4586370791
_d70791
024 3 0 _a780517707913
_d90000
035 _a(OCoLC)36596500
038 _aArshad
040 _aWaSKC
_cWaSKC
_dIWhN
_dNBPu
_dMnSP
_dDLC
042 _alccopycat
050 0 4 _aHG179
_b.O755 1997
082 0 0 _a332.024
_bORM
100 1 _aOrman, Suze.
_910047
245 1 4 _aThe 9 steps to financial freedom /
_cSuze Orman.
246 3 _aNine steps to financial freedom
250 _a1st ed.
260 _aNew York :
_bCrown Publishers,
_c1997.
300 _avii, 278 p. ;
_c24 cm.
500 _aIncludes index.
650 0 _aFinance, Personal.
_98153
856 4 2 _3Contributor biographical information
_uhttp://www.loc.gov/catdir/bios/random058/97143886.html
856 4 1 _3Sample text
_uhttp://www.loc.gov/catdir/samples/random041/97143886.html
856 4 2 _3Publisher description
_uhttp://www.loc.gov/catdir/description/random041/97143886.html
906 _a7
_bcbc
_ccopycat
_d2
_encip
_f19
_gy-gencatlg
942 _2ddc
_cBK